[Event "Mittelfranken-chT2b 1617"]
[Site "Mittelfranken"]
[Date "2016.12.11"]
[Round "4.8"]
[White "Belich, Walter"]
[Black "Berner, Dietrich"]
[Result "1-0"]
[WhiteElo "1877"]
[BlackElo "1515"]
[PlyCount "34"]
[EventDate "2016.10.23"]
[EventType "team-tourn"]
[EventRounds "9"]
[EventCountry "GER"]
[SourceTitle "EXT 2022"]
[Source "ChessBase"]
[SourceDate "2021.10.06"]
[SourceVersion "1"]
[SourceVersionDate "2021.10.06"]
[SourceQuality "1"]
[WhiteTeam "Nuernberg Sued SW III"]
[BlackTeam "Lauf SV II"]
[WhiteTeamCountry "GER"]
[BlackTeamCountry "GER"]

1. Nf3 d5 2. g3 Nf6 3. Bg2 Bf5 4. c4 c6 5. cxd5 cxd5 6. Qb3 Bc8 7. Nc3 e6 8. d4 Nc6 9. 0-0 Be7 10. Bf4 a6 11. Rac1 0-0 12. Rfd1 h6 13. Na4 Bd6 14. Ne5 Bxe5 15. Bxe5 Nxe5 16. dxe5 Nd7 17. Qc3 Qa5 1-0

[Event "Mittelfranken-chTB2b 0910"]
[Site "Mittelfranken"]
[Date "2009.10.25"]
[Round "2.8"]
[White "Zabarska, Natalia"]
[Black "Berner, Dietrich"]
[Result "1/2-1/2"]
[WhiteElo "1749"]
[BlackElo "1601"]
[PlyCount "38"]
[EventDate "2009.10.11"]
[EventType "team-tourn"]
[EventRounds "9"]
[EventCountry "GER"]
[SourceTitle "EXT 2011"]
[Source "ChessBase"]
[SourceDate "2010.11.26"]
[SourceVersion "1"]
[SourceVersionDate "2010.11.26"]
[SourceQuality "1"]
[WhiteTeam "Nuernberg Zabo"]
[BlackTeam "Lauf II"]
[WhiteTeamCountry "GER"]
[BlackTeamCountry "GER"]

1. e4 e6 2. d4 d5 3. exd5 exd5 4. c3 c6 5. Nf3 Bg4 6. Be2 Nf6 7. Bg5 Nbd7 8. 0-0 Bd6 9. Ne5 Be6 10. f4 g6 11. g4 Be7 12. f5 Nxe5 13. fxe6 fxe6 14. dxe5 Qb6+ 15. Kg2 Ne4 16. Bxe7 Kxe7 17. Nd2 Ng5 18. Qe1 Raf8 19. Qh4 Qe3 1/2-1/2

[Event "Mittelfrankenliga-B2a 0607"]
[Site "Mittelfranken"]
[Date "2007.03.25"]
[Round "8.8"]
[White "Berner, Dietrich"]
[Black "Gissler, Thomas"]
[Result "0-1"]
[WhiteElo "1578"]
[BlackElo "1553"]
[PlyCount "116"]
[EventDate "2006.10.22"]
[EventType "team-tourn"]
[EventRounds "9"]
[EventCountry "GER"]
[SourceTitle "EXT 2011"]
[Source "ChessBase"]
[SourceDate "2010.11.26"]
[SourceVersion "1"]
[SourceVersionDate "2010.11.26"]
[SourceQuality "1"]
[WhiteTeam "Lauf II"]
[BlackTeam "Neustadt"]
[WhiteTeamCountry "GER"]
[BlackTeamCountry "GER"]

1. Nf3 d5 2. b3 Bf5 3. e3 Nf6 4. Bb2 Nbd7 5. d3 e6 6. Be2 Bd6 7. d4 c6 8. Ne5 Qa5+ 9. Bc3 Bb4 10. Bxb4 Qxb4+ 11. c3 Qa5 12. b4 Qc7 13. Nxd7 Nxd7 14. Nd2 0-0 15. 0-0 e5 16. Rc1 b5 17. Bg4 Bd3 18. Be2 Bxe2 19. Qxe2 e4 20. c4 bxc4 21. Nxe4 dxe4 22. Rxc4 Qd6 23. a3 a5 24. Rfc1 Rfc8 25. Qc2 axb4 26. axb4 Nb6 27. Rc5 Qe6 28. g3 Ra2 29. Qd1 Qf6 30. R1c2 Rxc2 31. Qxc2 Nd7 32. Rc4 Ra8 33. Qxe4 Qd6 34. Qxc6 Qxc6 35. Rxc6 Rb8 36. Rc7 Nf6 37. b5 Kf8 38. Rc5 Nd7 39. Rd5 Ke7 40. f3 Rc8 41. e4 f6 42. h4 g6 43. e5 fxe5 44. dxe5 Rc5 45. Rxc5 Nxc5 46. Kf2 Ke6 47. f4 Kd5 48. Kf3 Ne6 49. Kg4 h5+ 50. Kf3 Nd4+ 51. Kg2 Nxb5 52. g4 Nd4 53. Kg3 Ke4 54. f5 gxf5 55. gxh5 f4+ 56. Kf2 Kxe5 57. h6 Kf6 58. h5 Kf7 0-1

[Event "Bayern-ch Seniors 12th"]
[Site "Schloss Schney"]
[Date "2000.??.??"]
[Round "9"]
[White "Berner, Dietrich"]
[Black "Scheuerlein, Gerhard"]
[Result "1/2-1/2"]
[WhiteElo "1819"]
[BlackElo "1680"]
[PlyCount "48"]
[EventDate "2000.11.02"]
[EventType "swiss"]
[EventRounds "9"]
[EventCountry "GER"]
[SourceTitle "EXT 2002"]
[Source "ChessBase"]
[SourceDate "2001.11.25"]
[SourceVersion "1"]
[SourceVersionDate "2001.11.25"]
[SourceQuality "1"]

1. Nf3 f5 2. b3 Nf6 3. Bb2 e6 4. g3 Be7 5. Bg2 0-0 6. e3 d5 7. 0-0 Nbd7 8. Ne5 Qe8 9. a4 c6 10. d3 Nxe5 11. Bxe5 Bd7 12. Nd2 Ng4 13. Nf3 Qh5 14. h3 Nxe5 15. Nxe5 Qxd1 16. Raxd1 Be8 17. d4 Rc8 18. Nd3 b6 19. Nf4 Kf7 20. Ra1 a5 21. Rfd1 Bf6 22. Nd3 c5 23. Ne5+ Ke7 24. Ra2 Kd6 1/2-1/2